000 00379nam a2200145Ia 4500
008 230917s9999||||xx |||||||||||||| ||und||
040 _e120069
_aMAIN
041 _aEnglish
082 _a333.336 P176S
100 _aPalit, Amitendu
245 0 _aSpecial Economic Zones in India: Myths and realities
260 _aLondon
_bAnthem Press
_c2008
300 _a198 p.
942 _cBK
999 _c144414
_d144414